Normal view
MARC view
- PROCESS HEAT TRANSFER
Entry Topical Term
001 - CONTROL NUMBER
- control field: 91803
003 - CONTROL NUMBER IDENTIFIER
- control field: NUST
005 - DATE AND TIME OF LATEST TRANSACTION
- control field: 20220524114559.0
008 - FIXED-LENGTH DATA ELEMENTS
- fixed length control field: 220524|| aca||aabn | a|a d
040 ## - CATALOGING SOURCE
- Original cataloging agency: NUST
- Transcribing agency: NUST
150 ## - HEADING--TOPICAL TERM
- Topical term or geographic name entry element: PROCESS HEAT TRANSFER
670 ## - SOURCE DATA FOUND
- Source citation: Work cat.: (NUST)589926: Kern, Donald Q. 63725, Process Heat Transfer, 2015.
